000 00444nam a2200181Ia 4500
001 20173
005 20260306172746.0
008 260306t2022||||xx |||||||||||||| ||spa||
041 _aESP
082 _a342.812
_bE86
100 _aEsplugues Mota, Carlos
_eAUT
245 0 _aDerecho del comercio internacional peruano
260 _c2022
300 _a555 páginas :
_c24 cm.
650 _aGEN
654 _aCDE
942 _cLIB
_dJUS
_fJUS
_2ddc
_n
999 _c20173
_d20173